Patronate and Patronage in Early and Classical Islam /
This book deals with patronate and patronage ( walā' ) of early and classical Islam. Though Webster's Third has the term "mawla," the concept remains very difficult to come to grips with. Fourteen contributions by renowned scholars analyze the social and cultural phenomenon of wa...
مؤلفون آخرون: ,
التنسيق: كتاب الكتروني
اللغة: English
منشور في:
Leiden; Boston :
BRILL,
2005.
سلاسل:
Brill Book Archive Part 1, ISBN: 9789004472495.
Islamic History and Civilization ;
61.
الموضوعات:
الوصول للمادة أونلاين: Login to view Source
الوسوم: إضافة وسم
رقم الطلب: BP171
| LEADER | 02826nam a22005531i 4500 | ||
|---|---|---|---|
| 001 | BRILL9789047416524 | ||
| 003 | nllekb | ||
| 005 | 20211118222735.0 | ||
| 006 | m d | ||
| 007 | cr un uuuua | ||
| 008 | 210731s2005 ne sb 001 0 eng d | ||
| 010 | |z 2006296033 | ||
| 020 | |a 9789047416524 |q (electronic book) | ||
| 020 | |a 9789004144804 |q (print) | ||
| 024 | 7 | |a 10.1163/9789047416524 |2 DOI | |
| 035 | |z (OCoLC)62363715 | ||
| 040 | |a NL-LeKB |c NL-LeKB |e rda | ||
| 043 | |a aw----- |a ff----- |a e-sp--- | ||
| 050 | 0 | 0 | |a BP171 |
| 072 | 7 | |a HRH |2 bicssc | |
| 072 | 7 | |a REL |x 037000 |2 bisacsh | |
| 082 | 0 | 0 | |a 297.09/021 |2 22 |
| 245 | 0 | 0 | |a Patronate and Patronage in Early and Classical Islam / |c edited by Monique Bernards, John Nawas. |
| 264 | 1 | |a Leiden; |a Boston : |b BRILL, |c 2005. | |
| 300 | |a 1 online resource. | ||
| 336 | |a text |b txt |2 rdacontent | ||
| 337 | |a computer |b c |2 rdamedia | ||
| 338 | |a online resource |2 rdacarrier | ||
| 490 | 1 | |a Brill Book Archive Part 1, ISBN: 9789004472495 | |
| 490 | 1 | |a Islamic History and Civilization ; |v 61 | |
| 500 | |a Texts are contributions to an international conference held in Berg en Dal, the Netherlands. | ||
| 504 | |a Includes bibliographical references and index. | ||
| 520 | |a This book deals with patronate and patronage ( walā' ) of early and classical Islam. Though Webster's Third has the term "mawla," the concept remains very difficult to come to grips with. Fourteen contributions by renowned scholars analyze the social and cultural phenomenon of walā' from various angles. As a whole, the book conveys what we presently know about patronate and patronage during the first four centuries of Islam. Inasmuch as the contributors have used different methods - from a close rereading of primary sources to the application of social theory and quantitative analysis - the book additionally offers an overview of methodologies current in the field of Islamic Studies. | ||
| 588 | |a Description based on print version record. | ||
| 650 | 0 | |a Islam and state. | |
| 650 | 0 | |a Islam |x Relations. | |
| 650 | 0 | |a Patron and client |z Islamic Countries. | |
| 650 | 0 | |a Patronage, Political |z Islamic Countries. | |
| 650 | 0 | |a Social networks |x Islamic countries. | |
| 650 | 0 | |a Social networks |z Islamic Countries. | |
| 700 | 1 | |a Bernards, Monique, |e editor. | |
| 700 | 1 | |a Nawas, John, |e editor. | |
| 776 | 0 | 8 | |i Print version: |t Patronate and Patronage in Early and Classical Islam. |d Leiden ; Boston : BRILL, 2005 |z 9789004144804 |
| 830 | 0 | |a Brill Book Archive Part 1, ISBN: 9789004472495. | |
| 830 | 0 | |a Islamic History and Civilization ; |v 61. | |
| 856 | 4 | |z DOI: |u http://dx.doi.org/10.1163/9789047416524 | |
| 942 | |2 lcc |c EBOOK | ||
| 952 | |0 0 |1 0 |2 lcc |4 0 |7 1 |9 23371 |a BRILL |b BRILL |d 2021-11-18 |l 0 |r 2021-11-18 00:00:00 |w 2021-11-18 |y EBOOK | ||
| 999 | |c 40845 |d 40845 | ||
